| 000 | 00533nam a2200205 a 4500 | ||
|---|---|---|---|
| 005 | 20210223124713.0 | ||
| 008 | 020910s1993 mx r 000 0 spa d | ||
| 020 | _a847245259X | ||
| 035 | _aUPN01000118988 | ||
| 049 | _aCG | ||
| 050 | 4 |
_aPN56 P9.2 _bG8.6 |
|
| 100 | 1 | _aGuimón, José | |
| 245 | 1 | 0 |
_aPsicoanálisis y literatura / _cJosé Guimón. |
| 260 |
_aBarcelona, Esp. : _bKairós, _c1993. |
||
| 300 | _a329 p. | ||
| 440 | 0 | _aEnsayo | |
| 650 | 4 |
_aPSICOANALISIS Y LITERATURA _97084 |
|
| 902 | _aMITM/rrl. | ||
| 905 | _aLibro | ||
| 999 |
_c91349 _d91349 |
||